Guidelines for the appropriate use of herbal medicines
Guardat en:
| Autor corporatiu: | |
|---|---|
| Format: | Llibre |
| Publicat: |
Manila
World Health organization
1998
|
| Matèries: | |
| Etiquetes: |
Afegir etiqueta
Sense etiquetes, Sigues el primer a etiquetar aquest registre!
|
| LEADER | 00563nam a22001457a 4500 | ||
|---|---|---|---|
| 020 | |a 9290611243 | ||
| 060 | |a WB 925 | ||
| 110 | |a World Health Organization |9 11 | ||
| 245 | |a Guidelines for the appropriate use of herbal medicines | ||
| 260 | |a Manila |b World Health organization |c 1998 | ||
| 300 | |a 79p. ; | ||
| 650 | |a Medicine, Herbal - Standard |a Drug Monitoring |a Guidelines |9 722 | ||
| 942 | |2 NLM |c BK | ||
| 952 | |0 0 |1 0 |2 NLM |4 0 |6 WB_925_000000000000000_WHO_1998 |7 0 |8 REF |9 1280 |a NHRC |b NHRC |c REF |d 2013-01-31 |l 0 |o WB 925/WHO/1998 |p 000710 |r 2013-01-31 |w 2013-01-31 |y BK | ||
| 999 | |c 1246 |d 1246 | ||